| 000 | 00338nam a2200133Ia 4500 | ||
|---|---|---|---|
| 005 | 20251222152720.0 | ||
| 008 | 251222s9999||||xx |||||||||||||| ||spa|| | ||
| 082 | _a800/M49 | ||
| 100 | _a Meza Gisbert, Carlos D. | ||
| 245 | 0 | _aTerritorrios de Libertad | |
| 250 | _a1ra.ed. | ||
| 264 | _bPeriodistas Asociados Televisión | ||
| 942 | _cLIB | ||
| 999 |
_c29540 _d29540 |
||